Online katalóg knižníc regiónu Turca

Švédska zápalka (Record no. 20951)

MARC details
000 -LEADER
fixed length control field 00533nam a2200193 a 4500
001 - CONTROL NUMBER
control field 20951
003 - CONTROL NUMBER IDENTIFIER
control field VRT
005 - DATE AND TIME OF LATEST TRANSACTION
control field 20260207113159.0
008 - FIXED-LENGTH DATA ELEMENTS--GENERAL INFORMATION
fixed length control field 240314s1948 xx 0 und c
035 ## - SYSTEM CONTROL NUMBER
System control number SNK000337064
039 #9 - LEVEL OF BIBLIOGRAPHIC CONTROL AND CODING DETAIL [OBSOLETE]
Level of rules in bibliographic description 202403140923
Level of effort used to assign nonsubject heading access points VLOAD
040 ## - CATALOGING SOURCE
Original cataloging agency SNK
Language of cataloging slo
Transcribing agency SNK
Description conventions AACR2
100 1# - MAIN ENTRY--PERSONAL NAME
Personal name Čechov, Anton Pavlovič,
Dates associated with a name 1860-1904
Relationship aut
245 10 - TITLE STATEMENT
Title Švédska zápalka
260 ## - PUBLICATION, DISTRIBUTION, ETC.
Place of publication, distribution, etc. Turč. Sv. Martin
Name of publisher, distributor, etc. Matica slovenská
Date of publication, distribution, etc. 1948
300 ## - PHYSICAL DESCRIPTION
Extent 39 s.
942 ## - ADDED ENTRY ELEMENTS (KOHA)
Source of classification or shelving scheme Dewey Decimal Classification
Koha item type Krásna literatúra pre dospelých
Suppress in OPAC No
Holdings
Stav vyradenia Strata Poškodenie Spôsob nadobudnutia Domovská knižnica Aktuálna knižnica Dátum nadobudnutia Total checkouts Čiarový kód exemplára Date last seen Typ exemplára Verejná poznámka
      Dar Obecná knižnica Horná Štubňa Obecná knižnica Horná Štubňa 07.02.2026   4736201122 07.02.2026 Krásna literatúra pre dospelých divadelná hra
Projekt je podporený Slovenskou asociáciou knižníc
Prevádzkuje Turčianska knižnica Martin 2026